ბათუმის შოთა რუსთაველის სახელმწიფო უნივერსიტეტის ბიბლიოთეკა

Сборник задач по теорий функций комплексного переменного (ბიბ.ჩანაწერი № 48236)

000 -LEADER
fixed length control field 00725nam a2200205Ia 4500
001 - CONTROL NUMBER
control field 15120
003 - CONTROL NUMBER IDENTIFIER
control field GE_BSU
008 - FIXED-LENGTH DATA ELEMENTS--GENERAL INFORMATION
fixed length control field 181216s||||||||xx |||||||||||||| ||und||
040 ## - CATALOGING SOURCE
Transcribing agency GE_BSU
080 ## - UNIVERSAL DECIMAL CLASSIFICATION NUMBER
Universal Decimal Classification number 517.53/55(075.8)
100 ## - MAIN ENTRY--PERSONAL NAME
Personal name Волковыский,Л,И, Лунц,Г,Л,Абрамович,И,Г
245 ## - TITLE STATEMENT
Title Сборник задач по теорий функций комплексного переменного
245 ## - TITLE STATEMENT
Remainder of title Учеб.пособ. для вузов
260 ## - PUBLICATION, DISTRIBUTION, ETC.
Place of publication, distribution, etc. Москва
260 ## - PUBLICATION, DISTRIBUTION, ETC.
Name of publisher, distributor, etc. Госиздат
260 ## - PUBLICATION, DISTRIBUTION, ETC.
Date of publication, distribution, etc. 1961
300 ## - PHYSICAL DESCRIPTION
Extent 367 стр,22см,
653 ## - INDEX TERM--UNCONTROLLED
Uncontrolled term Сборник задач по теорий функций комплексного переменного
942 ## - ADDED ENTRY ELEMENTS (KOHA)
Koha item type წიგნი
ეგზემპლარები
Withdrawn status Lost status Damaged status Not for loan Date acquired Barcode Date last seen Price effective from Koha item type
        2018-12-17 17276 2018-12-17 2018-12-17 წიგნი